<?xml version="1.0" encoding="UTF-8"?>
<record
    xmlns:xsi="http://www.w3.org/2001/XMLSchema-instance"
    xsi:schemaLocation="http://www.loc.gov/MARC21/slim http://www.loc.gov/standards/marcxml/schema/MARC21slim.xsd"
    xmlns="http://www.loc.gov/MARC21/slim">

  <leader>00959nam a22002537a 4500</leader>
  <controlfield tag="003">3228</controlfield>
  <controlfield tag="005">20240819130547.0</controlfield>
  <controlfield tag="008">240819b        sa ||||| |||| 00| 0 eng d</controlfield>
  <datafield tag="020" ind1=" " ind2=" ">
    <subfield code="a">9780716675204</subfield>
    <subfield code="q">Hard Cover</subfield>
  </datafield>
  <datafield tag="022" ind1=" " ind2=" ">
    <subfield code="2">Title Page Verso</subfield>
    <subfield code="a">9780716675297</subfield>
  </datafield>
  <datafield tag="040" ind1=" " ind2=" ">
    <subfield code="a">RDA</subfield>
    <subfield code="c">3228</subfield>
  </datafield>
  <datafield tag="082" ind1=" " ind2=" ">
    <subfield code="2">DDC23</subfield>
    <subfield code="a">612</subfield>
  </datafield>
  <datafield tag="110" ind1=" " ind2=" ">
    <subfield code="9">175469</subfield>
    <subfield code="a">World Book, Inc</subfield>
  </datafield>
  <datafield tag="245" ind1=" " ind2=" ">
    <subfield code="a">Human beings M-Z</subfield>
    <subfield code="b">World book discovery science encyclopedia</subfield>
  </datafield>
  <datafield tag="260" ind1=" " ind2=" ">
    <subfield code="a">Chicago :</subfield>
    <subfield code="b">World Book, Inc,</subfield>
    <subfield code="c">c2015</subfield>
  </datafield>
  <datafield tag="300" ind1=" " ind2=" ">
    <subfield code="a">160 pages</subfield>
    <subfield code="c">28 cm</subfield>
  </datafield>
  <datafield tag="490" ind1=" " ind2=" ">
    <subfield code="a">World book discovery science encyclopedia</subfield>
    <subfield code="v">[Vol. 2]</subfield>
    <subfield code="x">9780716675297</subfield>
  </datafield>
  <datafield tag="521" ind1=" " ind2=" ">
    <subfield code="a">Juvenile</subfield>
    <subfield code="b">Library of Congress Cataloging-in-Publication Data (Title Page Verso)</subfield>
  </datafield>
  <datafield tag="650" ind1=" " ind2="0">
    <subfield code="2">LOC</subfield>
    <subfield code="9">185128</subfield>
    <subfield code="a">Human biology</subfield>
    <subfield code="v">Juvenile</subfield>
    <subfield code="x">Literature</subfield>
  </datafield>
  <datafield tag="650" ind1=" " ind2="0">
    <subfield code="2">LOC</subfield>
    <subfield code="9">188103</subfield>
    <subfield code="a">Human beings</subfield>
    <subfield code="v">Juvenile</subfield>
    <subfield code="x">Literature</subfield>
  </datafield>
  <datafield tag="650" ind1=" " ind2="0">
    <subfield code="2">LOC</subfield>
    <subfield code="9">173861</subfield>
    <subfield code="a">Human body</subfield>
    <subfield code="v">Juvenile literature</subfield>
  </datafield>
  <datafield tag="830" ind1=" " ind2=" ">
    <subfield code="9">188110</subfield>
    <subfield code="a">World book discovery science encyclopedia</subfield>
  </datafield>
  <datafield tag="942" ind1=" " ind2=" ">
    <subfield code="2">ddc</subfield>
    <subfield code="c">REF</subfield>
    <subfield code="w">296</subfield>
    <subfield code="x">Phillipina Naude</subfield>
    <subfield code="y">296</subfield>
    <subfield code="z">Phillipina Naude</subfield>
  </datafield>
  <datafield tag="999" ind1=" " ind2=" ">
    <subfield code="c">766377</subfield>
    <subfield code="d">766376</subfield>
  </datafield>
  <datafield tag="952" ind1=" " ind2=" ">
    <subfield code="0">0</subfield>
    <subfield code="1">0</subfield>
    <subfield code="2">ddc</subfield>
    <subfield code="4">0</subfield>
    <subfield code="7">0</subfield>
    <subfield code="8">R</subfield>
    <subfield code="a">KLIPL</subfield>
    <subfield code="b">KLIPL</subfield>
    <subfield code="c">REF</subfield>
    <subfield code="d">2024-08-19</subfield>
    <subfield code="o">J R 612 HUMA</subfield>
    <subfield code="p">33228016772657</subfield>
    <subfield code="r">2024-08-19</subfield>
    <subfield code="w">2024-08-19</subfield>
    <subfield code="y">REF</subfield>
  </datafield>
</record>
